logo

Bir Sreshtho Munshi Abdur Rouf Library
Jhenaidah Cadet College

High School English Grammer & Composition / (Record no. 6194)

MARC details
000 -LEADER
fixed length control field 00571nam a22002177a 4500
001 - CONTROL NUMBER
JCCL Control Number 6194
003 - CONTROL NUMBER IDENTIFIER
JCCL marc code BD-JhCC
005 - DATE AND TIME OF LATEST TRANSACTION
control field 20180313191800.0
008 - FIXED-LENGTH DATA ELEMENTS--GENERAL INFORMATION
fixed length control field 180116s2005 ii a|||| ||a| 00| 0 eng d
020 ## - INTERNATIONAL STANDARD BOOK NUMBER
International Standard Book Number 812192197X
035 ## - SYSTEM CONTROL NUMBER
system control number (BD-JhCC)6194
040 ## - CATALOGING SOURCE
Original cataloging agency BD-JhCC
Modifying agency BD-JhCC
041 ## - LANGUAGE CODE
Language code of Book eng
082 ## - DEWEY DECIMAL CLASSIFICATION NUMBER
Classification number 808.042
Author mark and Year WRE 2005
245 ## - TITLE STATEMENT
Title High School English Grammer & Composition /
Statement of responsibility, etc P. C. Wren , H. Martin
260 ## - PUBLICATION, DISTRIBUTION, ETC. (IMPRINT)
Place of publication, distribution, etc New Dilli :
Name of publisher, distributor, etc S. Chand & Company Ltd,
Date of publication, distribution, etc 2005
300 ## - PHYSICAL DESCRIPTION
Pagination 418 p. :
Dimensions 26 cm.
650 ## - SUBJECT ADDED ENTRY--TOPICAL TERM
Topical term or geographic name as entry element English Language
942 ## - ADDED ENTRY ELEMENTS (KOHA)
Source of classification or shelving scheme Dewey Decimal Classification
Koha item type Books
Holdings
Source of classification or shelving scheme Damaged status Not for loan Home library Current library Shelving location Date of accession Total Checkouts Full call number Barcode Date last seen Date checked out Copy number Koha item type
Dewey Decimal Classification     JCC Rouf Library JCC Rouf Library General Stacks 11/29/2023 3 808.042 WRE 2005 6800 04/27/2025 04/13/2025 C - 1 Books
Dewey Decimal Classification     JCC Rouf Library JCC Rouf Library General Stacks 02/22/2018   808.042 WRE 2005 8482 02/22/2018   C-2 Books
Dewey Decimal Classification     JCC Rouf Library JCC Rouf Library General Stacks     808.042 WRE 2005 11604 03/13/2018   C - 1 Books

JCC Library | Contacts | JCC Home

Last Update on 23 September 2017
Copyright @ 2017-2020 JCC Rouf Library
Rouf Library, Jhenidah Cadet College (JCC), Bangladesh